ARRUPE JESUIT UNIVERSITY

CORONAVIRUS -STOP THE SPREAD - CLEAN,DISINFECT,COVER

Cries of victims, voice of God / (Record no. 119783)

MARC details
000 -LEADER
fixed length control field 01003nam a2200289 a 4500
001 - CONTROL NUMBER
control field 2885660
003 - CONTROL NUMBER IDENTIFIER
control field ARRUPE
005 - DATE AND TIME OF LATEST TRANSACTION
control field 20140130140443.0
008 - FIXED-LENGTH DATA ELEMENTS--GENERAL INFORMATION
fixed length control field 860520s1986 onca b 000 0 eng
010 ## - LIBRARY OF CONGRESS CONTROL NUMBER
LC control number 86161707
020 ## - INTERNATIONAL STANDARD BOOK NUMBER
International Standard Book Number 2890882551 (pbk.)
040 ## - CATALOGING SOURCE
Original cataloging agency DLC
Transcribing agency DLC
Modifying agency DLC
043 ## - GEOGRAPHIC AREA CODE
Geographic area code n-cn---
050 00 - LIBRARY OF CONGRESS CALL NUMBER
Classification number BX1795.E27
Item number D4 1986
082 00 - DEWEY DECIMAL CLASSIFICATION NUMBER
Classification number 261.8
Edition number 19
300 ## - PHYSICAL DESCRIPTION
Other physical details ill. ;
Dimensions 21 cm.
100 1# - MAIN ENTRY--PERSONAL NAME
Personal name De Roo, Remi J.
9 (RLIN) 7355
245 10 - TITLE STATEMENT
Title Cries of victims, voice of God /
Statement of responsibility, etc Remi J. De Roo ; foreword by Thomas R. Berger ; edited by Bede Hubbard.
260 ## - PUBLICATION, DISTRIBUTION, ETC. (IMPRINT)
Place of publication, distribution, etc Ottawa :
Name of publisher, distributor, etc Novalis ;
Place of publication, distribution, etc Toronto :
Name of publisher, distributor, etc J. Lorimer,
Date of publication, distribution, etc 1986.
300 ## - PHYSICAL DESCRIPTION
Extent 172 p. :
610 20 - SUBJECT ADDED ENTRY--CORPORATE NAME
Corporate name or jurisdiction name as entry element Catholic Church
Geographic subdivision Canada.
9 (RLIN) 7356
650 #0 - SUBJECT ADDED ENTRY--TOPICAL TERM
Topical term or geographic name as entry element Economics
General subdivision Religious aspects
-- Catholic Church.
9 (RLIN) 7357
650 #0 - SUBJECT ADDED ENTRY--TOPICAL TERM
Topical term or geographic name as entry element Church and social problems
General subdivision Catholic Church.
9 (RLIN) 7358
650 #0 - SUBJECT ADDED ENTRY--TOPICAL TERM
Topical term or geographic name as entry element Church and social problems
Geographic subdivision Canada.
9 (RLIN) 7359
651 #0 - SUBJECT ADDED ENTRY--GEOGRAPHIC NAME
Geographic name Canada
General subdivision Social conditions.
9 (RLIN) 7360
906 ## - LOCAL DATA ELEMENT F, LDF (RLIN)
a 7
b cbc
c orignew
d 3
e ncip
f 19
g y-gencatlg
942 ## - ADDED ENTRY ELEMENTS (KOHA)
Source of classification or shelving scheme Library of Congress Classification
Koha item type Monograph ( Printed materials)
Holdings
Withdrawn status Lost status Source of classification or shelving scheme Damaged status Not for loan Collection code Home library Current library Date acquired Total Checkouts Full call number Barcode Date last seen Price effective from Koha item type
    Library of Congress Classification     Main Collection ARRUPE LIBRARY ARRUPE LIBRARY 30/01/2014   BX1795.E27 D4 1986 46412071 22/11/2017 30/01/2014 Monograph ( Printed materials)

 

Arrupe Library. PO Box MP320 Mt Pleasant, Harare, Zimbabwe
263 242 745411|librarian@aju.ac.zw